[Event "XVIII M.F.Sz. Dobczyce'2010"]
[Site "Dobczyce"]
[Date "2010.07.17"]
[Round "1.1"]
[White "Zajac, Mateusz"]
[Black "Szuper, Paul"]
[Result "0-1"]
[WhiteElo "1871"]
[BlackElo "2192"]
[PlyCount "82"]
[EventDate "2010.??.??"]

1. d4 e6 2. c4 b6 3. Nc3 Bb7 4. e4 Bb4 5. Bd3 f5 6. d5 fxe4 7. Bxe4 Qh4 8. Qe2
Nf6 9. Bf3 Ba6 10. g4 O-O 11. dxe6 d5 12. e7 Re8 13. Bxd5+ Nxd5 14. Qe6+ Kh8
15. Qxd5 Qxe7+ 16. Be3 c6 17. Qd3 Nd7 18. O-O-O Ne5 19. Qc2 Bxc4 20. Nge2 Nxg4
21. Kb1 Nxe3 22. fxe3 Qxe3 23. Nd4 Bxc3 24. bxc3 Bd5 25. Rhe1 Qxe1 26. Rxe1
Rxe1+ 27. Kb2 Rf8 28. c4 Be4 29. Qd2 Rb1+ 30. Ka3 c5 31. Nb3 Rbf1 32. Qd7 R1f7
33. Qe6 Bf5 34. Qe5 h6 35. Nd2 Bh7 36. Qe6 Rf4 37. Qd6 Bg8 38. Qe7 R8f7 39. Qe8
Rd4 40. Ne4 Rf3+ 41. Kb2 Re3 0-1

[Event "XVIII M.F.Sz. Dobczyce'2010"]
[Site "Dobczyce"]
[Date "2010.07.17"]
[Round "1.2"]
[White "Mucha, Roman"]
[Black "Betlej, Jan"]
[Result "1-0"]
[WhiteElo "2181"]
[BlackElo "1834"]
[PlyCount "47"]
[EventDate "2010.??.??"]

1. d4 Nf6 2. c4 e6 3. Nf3 b6 4. g3 Ba6 5. Qc2 d5 6. Ne5 Bb4+ 7. Bd2 Bxd2+ 8.
Nxd2 O-O 9. Bg2 Bb7 10. Rc1 c6 11. cxd5 exd5 12. O-O Qe8 13. f4 Nbd7 14. e4 Rc8
15. Nxd7 Qxd7 16. e5 Ng4 17. Bh3 f5 18. exf6 Rxf6 19. Nf3 h5 20. Rfe1 Re8 21.
Ne5 Qd6 22. Nxg4 Rxe1+ 23. Rxe1 Re6 24. Ne5 1-0

[Event "XVIII M.F.Sz. Dobczyce'2010"]
[Site "Dobczyce"]
[Date "2010.07.17"]
[Round "1.3"]
[White "Klementys, Jerzy"]
[Black "Watorek, Marcin"]
[Result "0-1"]
[WhiteElo "1810"]
[BlackElo "2080"]
[PlyCount "88"]
[EventDate "2010.??.??"]

1. d4 Nf6 2. c4 e6 3. Nc3 d5 4. Nf3 c6 5. Bg5 dxc4 6. a4 b5 7. axb5 cxb5 8.
Nxb5 Qb6 9. Na3 Qxb2 10. Nxc4 Bb4+ 11. Bd2 Bxd2+ 12. Nfxd2 Qxd4 13. e3 Qc5 14.
Ra5 Qc7 15. Qf3 Nc6 16. Rc5 Bb7 17. Na5 Nxa5 18. Rxc7 Bxf3 19. Nxf3 O-O 20. Be2
Nd5 21. Rc5 Nb3 22. Rb5 Rfb8 23. O-O Nc3 24. Rxb8+ Rxb8 25. Bc4 a5 26. Bxb3
Rxb3 27. Nd4 Rb2 28. g3 Kf8 29. Rc1 Rb1 30. Rxb1 Nxb1 31. Kf1 Nc3 32. Ke1 Ke8
33. Kd2 Ne4+ 34. Ke2 Kd7 35. f3 Nc5 36. Kd2 e5 37. Nc2 Kc6 38. Na3 f6 39. Kc3
e4 40. f4 Kd5 41. g4 Nd3 42. Nc4 Nf2 43. Nxa5 Nxg4 44. h3 Nxe3 0-1

[Event "XVIII M.F.Sz. Dobczyce'2010"]
[Site "Dobczyce"]
[Date "2010.07.17"]
[Round "1.4"]
[White "Fusek, Lukas"]
[Black "Koloczek, Henryk"]
[Result "0-1"]
[WhiteElo "1887"]
[BlackElo "1694"]
[PlyCount "80"]
[EventDate "2010.??.??"]

1. e4 c5 2. c3 g6 3. d4 cxd4 4. cxd4 d5 5. e5 Bg7 6. Nc3 Nc6 7. f4 Nh6 8. Nf3
Bg4 9. Bb5 O-O 10. O-O Nf5 11. Bxc6 bxc6 12. h3 Bxf3 13. Rxf3 f6 14. g4 Nh4 15.
Rd3 fxe5 16. fxe5 e6 17. Na4 Qe7 18. Qe2 Rf7 19. Bd2 Raf8 20. Rc1 Nf3+ 21. Kg2
Nxd2 22. Qxd2 Qh4 23. Rc2 Bh6 24. Qe2 Rf4 25. Nc5 Qe7 26. Nb3 Re4 27. Qd1 Qh4
28. Re2 Be3 29. Qe1 Rxg4+ 30. Kh2 Rg3 31. Qxg3 Bf4 32. Rg2 Rf5 33. Rf3 Bxg3+
34. Rfxg3 Qf4 35. Kh1 Qf1+ 36. Rg1 Qe2 37. R1g2 Rf1+ 38. Kh2 Qe1 39. Rg1 Rxg1
40. Rxg1 Qf2+ 0-1

[Event "XVIII M.F.Sz. Dobczyce'2010"]
[Site "Dobczyce, ul. Gorska 31"]
[Date "2010.07.18"]
[Round "2.2"]
[White "Koloczek, Henryk"]
[Black "Mucha, Roman"]
[Result "0-1"]
[WhiteElo "1694"]
[BlackElo "2181"]
[PlyCount "56"]
[EventDate "2010.??.??"]

1. e4 g6 2. d4 Bg7 3. Nc3 d6 4. Nf3 Nf6 5. h3 O-O 6. Bc4 c6 7. O-O b5 8. Bd3
Qc7 9. Bf4 Nbd7 10. d5 b4 11. dxc6 Qxc6 12. Bb5 Qb7 13. Bxd7 Bxd7 14. Nd5 Nxd5
15. exd5 Bxb2 16. Rb1 Bc3 17. Bd2 Qxd5 18. Bxc3 Qxd1 19. Rfxd1 bxc3 20. Rb7
Rfd8 21. Rd3 Rac8 22. Rxa7 Bf5 23. Re3 Bxc2 24. Rexe7 Bb3 25. Re1 Be6 26. Nd4
Rc4 27. Nc2 d5 28. Ne3 Rcc8 0-1

[Event "XVIII M.F.Sz. Dobczyce'2010"]
[Site "Dobczyce, ul. Gorska 31"]
[Date "2010.07.18"]
[Round "2.4"]
[White "Betlej, Jan"]
[Black "Fusek, Lukas"]
[Result "1-0"]
[WhiteElo "1834"]
[BlackElo "1887"]
[PlyCount "41"]
[EventDate "2010.??.??"]

1. e4 e5 2. f4 exf4 3. Nf3 Be7 4. Bc4 Nf6 5. e5 Ne4 6. O-O d5 7. exd6 Nxd6 8.
Bb3 Bg4 9. d4 O-O 10. Bxf4 c5 11. Bd5 Qb6 12. Qe1 Bf6 13. Ne5 Bh5 14. Qg3 cxd4
15. Nd3 Nf5 16. Qh3 Ne3 17. Qxh5 Nxf1 18. Kxf1 Nc6 19. Nd2 Qb5 20. Bxf7+ Rxf7
21. Qxb5 1-0

[Event "XVIII M.F.Sz. Dobczyce'2010"]
[Site "Dobczyce, ul. Gorska 31"]
[Date "2010.07.18"]
[Round "2.5"]
[White "Sleczka, Bartosz"]
[Black "Zajac, Mateusz"]
[Result "0-1"]
[WhiteElo "1886"]
[BlackElo "1871"]
[PlyCount "64"]
[EventDate "2010.??.??"]

1. e4 c5 2. Nf3 a6 3. c4 e6 4. d4 cxd4 5. Nxd4 b6 6. Nc3 d6 7. Bd3 Bb7 8. O-O
Nd7 9. Re1 Ngf6 10. Bg5 Be7 11. Bh4 O-O 12. Bg3 Qc7 13. Rc1 Rad8 14. Qe2 Qb8
15. f4 Rfe8 16. Kh1 Nc5 17. Bc2 d5 18. f5 Qa8 19. fxe6 dxe4 20. exf7+ Kxf7 21.
Rcd1 Nd3 22. Bxd3 exd3 23. Qe6+ Kf8 24. Qxb6 Bxg2+ 25. Kg1 Bh3 26. Rd2 Nd7 27.
Qc7 Bc5 28. Bd6+ Kg8 29. Rxe8+ Rxe8 30. Bxc5 Re1+ 31. Kf2 Qg2+ 32. Kxe1 Qg1#
0-1

[Event "XVIII M.F.Sz. Dobczyce'2010"]
[Site "Dobczyce"]
[Date "2010.07.19"]
[Round "3.1"]
[White "Mucha, Roman"]
[Black "Szuper, Paul"]
[Result "1-0"]
[WhiteElo "2181"]
[BlackElo "2192"]
[PlyCount "66"]
[EventDate "2010.??.??"]

1. Nf3 Nf6 2. d4 d5 3. c4 e6 4. e3 c6 5. Nbd2 a5 6. Bd3 Nbd7 7. O-O Bd6 8. e4
dxe4 9. Nxe4 Nxe4 10. Bxe4 O-O 11. Bc2 Qc7 12. Qd3 g6 13. Bh6 Re8 14. Rfe1 a4
15. Rad1 Ra5 16. c5 Be7 17. b4 axb3 18. axb3 b6 19. b4 Rb5 20. d5 exd5 21. Ba4
Ba6 22. Bxb5 Bxb5 23. Qc3 f6 24. Qe3 Nf8 25. Bxf8 Kxf8 26. Nd4 Qb7 27. Nxb5
cxb5 28. cxb6 Rc8 29. Rc1 Bxb4 30. Rxc8+ Qxc8 31. b7 Qxb7 32. Qh6+ Qg7 33. Re8+
Kf7 1-0

[Event "XVIII M.F.Sz. Dobczyce'2010"]
[Site "Dobczyce"]
[Date "2010.07.19"]
[Round "3.2"]
[White "Zajac, Mateusz"]
[Black "Watorek, Marcin"]
[Result "1-0"]
[WhiteElo "1871"]
[BlackElo "2080"]
[PlyCount "77"]
[EventDate "2010.??.??"]

1. d4 d5 2. c4 c6 3. Nc3 Nf6 4. Nf3 e6 5. Bg5 dxc4 6. e4 b5 7. e5 h6 8. Bh4 g5
9. Nxg5 hxg5 10. Bxg5 Nbd7 11. g3 Bb7 12. Bg2 Qb6 13. exf6 O-O-O 14. O-O c5 15.
d5 b4 16. Rb1 Qa6 17. dxe6 Bxg2 18. e7 Qc6 19. Nb5 Qxb5 20. exd8=Q+ Kxd8 21.
Kxg2 Qc6+ 22. f3 Bd6 23. Re1 Kc7 24. Qe2 Rg8 25. Qe3 Kb6 26. Rbd1 Rd8 27. Qe4
Qc7 28. Qxc4 Ne5 29. Qd5 Ng6 30. a3 a5 31. axb4 axb4 32. b3 Bxg3 33. Re6+ fxe6
34. Qxd8 Bxh2 35. f7 Kb5 36. Qxc7 Bxc7 37. Be7 Nxe7 38. f8=Q Nd5 39. Qe8+ 1-0

[Event "XVIII M.F.Sz. Dobczyce'2010"]
[Site "Dobczyce"]
[Date "2010.07.19"]
[Round "3.4"]
[White "Koloczek, Henryk"]
[Black "Klementys, Jerzy"]
[Result "1/2-1/2"]
[WhiteElo "1694"]
[BlackElo "1810"]
[PlyCount "67"]
[EventDate "2010.??.??"]

1. e4 c5 2. Nc3 Nc6 3. f4 g6 4. Nf3 Bg7 5. Bb5 e6 6. Bxc6 bxc6 7. e5 Ba6 8. Ne4
Qa5 9. Nd6+ Ke7 10. c3 Nh6 11. d3 Nf5 12. Ne4 h5 13. Qe2 Qb5 14. b3 d5 15. c4
Qb6 16. Nc3 Nd4 17. Nxd4 cxd4 18. Na4 Qb8 19. Ba3+ Ke8 20. cxd5 cxd5 21. Rc1
Qb5 22. Kd2 Bf8 23. Bb2 Bb4+ 24. Kd1 Qxd3+ 25. Qxd3 Bxd3 26. Bxd4 Kd7 27. Bc5
Ba5 28. Ba3 Bb6 29. Bc5 Rhb8 30. g3 Bb5 31. Bd6 Rc8 32. Rxc8 Rxc8 33. Nxb6+
axb6 34. Kd2 1/2-1/2

[Event "XVIII M.F.Sz. Dobczyce'2010"]
[Site "Dobczyce"]
[Date "2010.07.20"]
[Round "4.1"]
[White "Watorek, Marcin"]
[Black "Mucha, Roman"]
[Result "1-0"]
[WhiteElo "2080"]
[BlackElo "2181"]
[PlyCount "56"]
[EventDate "2010.??.??"]

1. d4 g6 2. c4 Bg7 3. Nf3 d6 4. Nc3 Nf6 5. g3 O-O 6. Bg2 Nc6 7. d5 Na5 8. Nd2
c5 9. O-O a6 10. Qc2 Rb8 11. a4 Bd7 12. b3 Qc8 13. Bb2 Bh3 14. Nce4 Ne8 15. Ng5
Bxg2 16. Kxg2 Qd8 17. f4 b5 18. axb5 axb5 19. Bc3 Nb7 20. e4 bxc4 21. bxc4 Qc8
22. Ra7 Nf6 23. h3 h6 24. Ngf3 e6 25. e5 Ne8 26. dxe6 Qxe6 27. Rb1 dxe5 28.
fxe5 Qe7 1-0

[Event "XVIII M.F.Sz. Dobczyce'2010"]
[Site "Dobczyce"]
[Date "2010.07.20"]
[Round "4.2"]
[White "Betlej, Jan"]
[Black "Zajac, Mateusz"]
[Result "1-0"]
[WhiteElo "1834"]
[BlackElo "1871"]
[PlyCount "55"]
[EventDate "2010.??.??"]

1. e4 c5 2. Nc3 e6 3. Nge2 a6 4. g3 b5 5. Bg2 Bb7 6. O-O Qc7 7. Qe1 Nc6 8. d3
Nd4 9. Qd1 Ne7 10. Nxd4 cxd4 11. Ne2 Qb6 12. f4 f5 13. Kh1 g6 14. h3 Rc8 15.
Bd2 Nc6 16. g4 fxg4 17. hxg4 h5 18. g5 Ne7 19. c3 Nc6 20. Qe1 Bc5 21. f5 exf5
22. exf5 O-O 23. Bd5+ Kg7 24. Nf4 Rce8 25. Nxh5+ Kh7 26. Qh4 Rh8 27. fxg6+ Kxg6
28. Rf6+ 1-0

[Event "XVIII M.F.Sz. Dobczyce'2010"]
[Site "Dobczyce"]
[Date "2010.07.20"]
[Round "4.3"]
[White "Szuper, Paul"]
[Black "Koloczek, Henryk"]
[Result "1-0"]
[WhiteElo "2192"]
[BlackElo "1694"]
[PlyCount "31"]
[EventDate "2010.??.??"]

1. d4 Nf6 2. Nf3 e6 3. c4 Bb4+ 4. Nbd2 b6 5. g3 Bb7 6. Bg2 d6 7. O-O O-O 8. Nb3
Nc6 9. a3 Ba5 10. Qc2 Qe7 11. e4 e5 12. d5 Nb8 13. Nh4 c6 14. Nxa5 bxa5 15. Bg5
Nbd7 16. Nf5 1-0

[Event "XVIII M.F.Sz. Dobczyce'2010"]
[Site "Dobczyce"]
[Date "2010.07.20"]
[Round "4.5"]
[White "Fusek, Lukas"]
[Black "Sleczka, Bartosz"]
[Result "0-1"]
[WhiteElo "1887"]
[BlackElo "1886"]
[PlyCount "52"]
[EventDate "2010.??.??"]

1. e4 e5 2. Nc3 Nc6 3. Bc4 Nf6 4. d3 Bc5 5. f4 exf4 6. Bxf4 d6 7. Nf3 Bg4 8. h3
Bxf3 9. Qxf3 Nd4 10. Qd1 c6 11. Bg5 h6 12. Bh4 Qe7 13. Ne2 d5 14. exd5 cxd5 15.
Bb3 O-O 16. c3 Nf5 17. Bxf6 Qxf6 18. d4 Qh4+ 19. g3 Nxg3 20. Nxg3 Qxg3+ 21. Kd2
Be7 22. Qe2 Rae8 23. Kc2 Bh4 24. Qd2 Qg6+ 25. Kd1 Bg5 26. Rg1 Qh5+ 0-1

[Event "XVIII M.F.Sz. Dobczyce'2010"]
[Site "Dobczyce"]
[Date "2010.07.21"]
[Round "5.2"]
[White "Sleczka, Bartosz"]
[Black "Mucha, Roman"]
[Result "0-1"]
[WhiteElo "1886"]
[BlackElo "2181"]
[PlyCount "75"]
[EventDate "2010.??.??"]

1. e4 c5 2. Nf3 d6 3. d4 cxd4 4. Nxd4 Nf6 5. Nc3 Bd7 6. Bd3 g6 7. O-O Bg7 8. h3
O-O 9. Be3 Nc6 10. Re1 a6 11. a4 Rc8 12. Nxc6 Bxc6 13. a5 Nd7 14. Qd2 Re8 15.
Ra3 Ne5 16. f4 Nxd3 17. cxd3 d5 18. Bb6 Qd7 19. e5 e6 20. Ne2 f6 21. Nd4 fxe5
22. fxe5 Qe7 23. b4 Bd7 24. Kh1 Bf8 25. Rb3 Qh4 26. Nf3 Bh6 27. Qe2 Qf4 28. Bc5
Bb5 29. Rf1 Bg7 30. Be3 Qf5 31. g4 Qf7 32. Ng5 Qc7 33. Nf7 Rf8 34. Nd6 Rxf1+
35. Qxf1 Rf8 36. Qe1 Bxe5 37. Bh6 Qxd6 38. Bxf8 0-1

[Event "XVIII M.F.Sz. Dobczyce'2010"]
[Site "Dobczyce"]
[Date "2010.07.21"]
[Round "5.4"]
[White "Zajac, Mateusz"]
[Black "Klementys, Jerzy"]
[Result "1-0"]
[WhiteElo "1871"]
[BlackElo "1810"]
[PlyCount "73"]
[EventDate "2010.??.??"]

1. d4 Nf6 2. c4 g6 3. Nc3 Bg7 4. e4 d6 5. Nf3 O-O 6. Be2 e5 7. O-O Nc6 8. d5
Ne7 9. b4 Ne8 10. Ba3 f5 11. Nd2 f4 12. c5 g5 13. f3 Ng6 14. Nc4 a6 15. b5 h5
16. b6 Rf6 17. bxc7 Qxc7 18. cxd6 Qd8 19. Bc5 b5 20. Nb6 Rb8 21. d7 Bxd7 22.
Nxd7 Qxd7 23. Qb3 Kh7 24. Rfc1 Rc8 25. Bf2 g4 26. a4 gxf3 27. Bxf3 bxa4 28.
Nxa4 Rxc1+ 29. Rxc1 h4 30. Nc5 Qc8 31. Qb2 h3 32. Ne6 Qd7 33. gxh3 Nf8 34. Bg4
Nxe6 35. Bxe6 Qa4 36. Qc2 Nd6 37. Qxa4 1-0

[Event "XVIII M.F.Sz. Dobczyce'2010"]
[Site "Dobczyce, ul. Gorska 31"]
[Date "2010.07.22"]
[Round "6.1"]
[White "Szuper, Paul"]
[Black "Betlej, Jan"]
[Result "1-0"]
[WhiteElo "2192"]
[BlackElo "1834"]
[PlyCount "33"]
[EventDate "2010.??.??"]

1. b3 e5 2. Bb2 Nc6 3. c4 Bc5 4. e3 d6 5. d4 exd4 6. exd4 Qe7+ 7. Be2 Bb4+ 8.
Nd2 Bg4 9. f3 Bf5 10. a3 Ba5 11. b4 Bb6 12. c5 dxc5 13. dxc5 Nf6 14. cxb6 Nd5
15. Qb3 Ne3 16. Kf2 O-O-O 17. Qxe3 {Zapis nieczytelny} 1-0

[Event "XVIII M.F.Sz. Dobczyce'2010"]
[Site "Dobczyce, ul. Gorska 31"]
[Date "2010.07.22"]
[Round "6.2"]
[White "Mucha, Roman"]
[Black "Zajac, Mateusz"]
[Result "1/2-1/2"]
[WhiteElo "2181"]
[BlackElo "1871"]
[PlyCount "174"]
[EventDate "2010.??.??"]

1. d4 Nf6 2. Nf3 c5 3. d5 b5 4. c4 g6 5. cxb5 a6 6. bxa6 Bxa6 7. Nc3 d6 8. Nd2
Bg7 9. e4 Bxf1 10. Nxf1 O-O 11. Ne3 Nbd7 12. O-O Qa5 13. Bd2 Rfb8 14. Qc2 Qa6
15. a4 Nxe4 16. Nxe4 Rxb2 17. Qc4 f5 18. Qxa6 Rxa6 19. Bc3 fxe4 20. Bxb2 Bxb2
21. Ra2 Bd4 22. Nc2 Be5 23. Rd1 Nb6 24. a5 Nc4 25. Re1 Rxa5 26. Rxa5 Nxa5 27.
Rxe4 Nb3 28. Ra4 Nd4 29. Ne3 Ne2+ 30. Kf1 Nc3 31. Ra7 Kf7 32. Nc4 Nxd5 33.
Nxe5+ dxe5 34. Ra5 Ke6 35. Rxc5 h5 36. Ra5 g5 37. g3 Nf6 38. Ke2 Kf5 39. f3 e6
40. h3 Nd5 41. Ra8 h4 42. Kf2 hxg3+ 43. Kxg3 Nf6 44. Rf8 Kg6 45. h4 gxh4+ 46.
Kxh4 Kf5 47. Kg3 e4 48. fxe4+ Ke5 49. Kf3 Nxe4 50. Ke3 Nf6 51. Rh8 Nd5+ 52. Kd3
Nf4+ 53. Ke3 Nd5+ 54. Kf3 Kd4 55. Rh4+ Ke5 56. Re4+ Kf5 57. Rd4 Ke5 58. Re4+
Kf5 59. Re1 Nf6 60. Rf1 Ke5 61. Re1+ Kf5 62. Ke3 Ke5 63. Kd3+ Kd5 64. Ra1 Ke5
65. Kc4 Nd5 66. Re1+ Kf5 67. Kd4 Nf4 68. Re5+ Kf6 69. Ra5 Nd5 70. Kc5 Ke5 71.
Ra1 Ne3 72. Ra3 Nd5 73. Ra8 Nf4 74. Ra4 Nd5 75. Kc6 Kf5 76. Kd6 Kf6 77. Ra1 Ne3
78. Kd7 Nf5 79. Ra6 Nd4 80. Ra8 Ke5 81. Ra5+ Kf6 82. Ra1 Nf5 83. Re1 Nd4 84.
Re4 e5 85. Kd6 Nf5+ 86. Kc5 Ke6 87. Rxe5+ Kxe5 1/2-1/2

[Event "XVIII M.F.Sz. Dobczyce'2010"]
[Site "Dobczyce, ul. Gorska 31"]
[Date "2010.07.22"]
[Round "6.5"]
[White "Klementys, Jerzy"]
[Black "Fusek, Lukas"]
[Result "0-1"]
[WhiteElo "1810"]
[BlackElo "1887"]
[PlyCount "64"]
[EventDate "2010.??.??"]

1. d4 Nf6 2. c4 e6 3. Nc3 Bb4 4. Qc2 b6 5. a3 Bxc3+ 6. Qxc3 Bb7 7. Bg5 d6 8. f3
O-O 9. e4 h6 10. Bh4 g5 11. Bf2 Nbd7 12. h4 g4 13. e5 g3 14. Bxg3 Nh5 15. Bf2
f5 16. exf6 Qxf6 17. O-O-O e5 18. Kb1 Rae8 19. Be3 Ng3 20. Rh3 Nxf1 21. Rxf1
Qg6+ 22. Qc2 Be4 23. fxe4 Rxf1+ 24. Ka2 exd4 25. Bxd4 Qxe4 26. Rg3+ Kf8 27. Qd2
Qb1+ 28. Kb3 Qd1+ 29. Qxd1 Rxd1 30. Bg7+ Kf7 31. Nh3 Rg8 32. Kc2 Rf1 0-1

[Event "XVIII M.F.Sz. Dobczyce'2010"]
[Site "Dobczyce"]
[Date "2010.07.23"]
[Round "7.1"]
[White "Fusek, Lukas"]
[Black "Szuper, Paul"]
[Result "0-1"]
[WhiteElo "1887"]
[BlackElo "2192"]
[PlyCount "58"]
[EventDate "2010.??.??"]

1. e4 e5 2. Nc3 Nf6 3. Bc4 Be7 4. d3 O-O 5. f4 d6 6. Nf3 exf4 7. Bxf4 c6 8. Bb3
Nbd7 9. d4 b5 10. a3 c5 11. Nxb5 Qa5+ 12. Nc3 Nxe4 13. O-O Nxc3 14. bxc3 Bb7
15. Re1 Rfe8 16. Rxe7 Rxe7 17. Bxd6 Re3 18. Ng5 Qxc3 19. Bxf7+ Kh8 20. Nxh7 Re2
21. d5 Qe3+ 22. Kh1 Qf2 23. Qg1 Kxh7 24. Qxf2 Rxf2 25. Be6 Nb6 26. Bxc5 Rd2 27.
Bb4 Rd4 28. d6 Nd5 29. Bxd5 Bxd5 0-1

[Event "XVIII M.F.Sz. Dobczyce'2010"]
[Site "Dobczyce"]
[Date "2010.07.23"]
[Round "7.3"]
[White "Betlej, Jan"]
[Black "Watorek, Marcin"]
[Result "0-1"]
[WhiteElo "1834"]
[BlackElo "2080"]
[PlyCount "64"]
[EventDate "2010.??.??"]

1. e4 c5 2. c3 d5 3. exd5 Qxd5 4. d4 Nc6 5. Nf3 Bg4 6. Be2 e6 7. h3 Bh5 8. c4
Qd6 9. d5 Bxf3 10. Bxf3 Nd4 11. Qa4+ b5 12. cxb5 Nxf3+ 13. gxf3 exd5 14. Bf4
Qe6+ 15. Kf1 Qb6 16. Nc3 O-O-O 17. Kg2 Nf6 18. Rhd1 d4 19. Ne4 Nd5 20. Bg3 f5
21. Nd2 f4 22. Nc4 Qc7 23. b6 Nxb6 24. Nxb6+ Qxb6 25. Bxf4 Bd6 26. Bxd6 Rxd6
27. Rac1 Kb8 28. b4 cxb4 29. Rb1 a5 30. a3 Rg6+ 31. Kf1 Qa6+ 32. Ke1 Re6+ 0-1

[Event "XVIII M.F.Sz. Dobczyce'2010"]
[Site "Dobczyce"]
[Date "2010.07.23"]
[Round "7.4"]
[White "Sleczka, Bartosz"]
[Black "Klementys, Jerzy"]
[Result "1-0"]
[WhiteElo "1886"]
[BlackElo "1810"]
[PlyCount "67"]
[EventDate "2010.??.??"]

1. e4 c5 2. Nf3 d6 3. d4 cxd4 4. Nxd4 Nf6 5. Nc3 a6 6. Bd3 e5 7. Nb3 Qc7 8. O-O
Be6 9. Be3 Nbd7 10. f4 Be7 11. f5 Bc4 12. Qf3 O-O 13. g4 h6 14. h4 Bxd3 15.
cxd3 Nh7 16. Qh3 Rfc8 17. Rf2 Qd8 18. Rh2 Nc5 19. Nd5 Nxb3 20. axb3 Rc6 21. g5
h5 22. f6 Nxf6 23. gxf6 Bxf6 24. Rf1 Be7 25. Qf5 f6 26. Rg2 Qf8 27. Qe6+ Qf7
28. Nxe7+ Kf8 29. Ng6+ Kg8 30. Qf5 Qe8 31. Qxh5 Rc7 32. Qg4 Qc8 33. Qg3 Rf7 34.
h5 1-0

[Event "XVIII M.F.Sz. Dobczyce'2010"]
[Site "Dobczyce"]
[Date "2010.07.24"]
[Round "8.1"]
[White "Szuper, Paul"]
[Black "Sleczka, Bartosz"]
[Result "1-0"]
[WhiteElo "2192"]
[BlackElo "1886"]
[PlyCount "77"]
[EventDate "2010.??.??"]

1. d4 d5 2. Nf3 Nf6 3. c4 e6 4. g3 b6 5. Bg2 Bb7 6. O-O Be7 7. Nc3 Nbd7 8. Ne5
O-O 9. Bg5 Ne4 10. Nxe4 dxe4 11. Nxd7 Qxd7 12. Bxe7 Qxe7 13. Qc2 f5 14. Rfd1
Rad8 15. e3 Rd7 16. Rd2 g5 17. Rad1 Rfd8 18. a3 a5 19. Qc3 Qf8 20. Bf1 f4 21.
d5 exd5 22. cxd5 Qf5 23. d6 cxd6 24. Qb3+ d5 25. Qxb6 f3 26. Rc2 h5 27. Rc7 Bc8
28. Rxd7 Rxd7 29. Rc1 Rf7 30. Qxa5 h4 31. Qd8+ Rf8 32. Qe7 Rf7 33. Qd8+ Rf8 34.
Qd6 hxg3 35. hxg3 Be6 36. Rc6 Rf6 37. Qe7 g4 38. Rb6 Qe5 39. Ra6 1-0

[Event "XVIII M.F.Sz. Dobczyce'2010"]
[Site "Dobczyce"]
[Date "2010.07.24"]
[Round "8.2"]
[White "Watorek, Marcin"]
[Black "Koloczek, Henryk"]
[Result "1-0"]
[WhiteElo "2080"]
[BlackElo "1694"]
[PlyCount "102"]
[EventDate "2010.??.??"]

1. d4 Nf6 2. Nf3 e6 3. c4 Bb4+ 4. Bd2 Qe7 5. g3 Nc6 6. Bg2 Bxd2+ 7. Qxd2 Ne4 8.
Qc2 Qb4+ 9. Nc3 Nxc3 10. Qxc3 Qxc3+ 11. bxc3 d6 12. O-O Rb8 13. Nd2 Na5 14.
Rab1 c5 15. Rb5 b6 16. Rfb1 Nb7 17. R5b3 Kd8 18. Ra3 Ra8 19. Rxb6 axb6 20. Rxa8
Na5 21. Ra7 Bd7 22. Ra8+ Bc8 23. f4 Re8 24. Kf2 f6 25. Ke3 Re7 26. Kd3 Kc7 27.
Nb3 Nxc4 28. Ra7+ Kd8 29. Rxe7 Kxe7 30. dxc5 dxc5 31. Nxc5 Nb2+ 32. Kc2 Nd1 33.
Kxd1 bxc5 34. Kd2 Kd6 35. Be4 h6 36. Bd3 f5 37. h4 Kd5 38. Bb5 e5 39. Ke3 e4
40. a4 Kd6 41. Kd2 Kc7 42. a5 Be6 43. Kc2 Bf7 44. e3 Be6 45. Kb2 Kb7 46. Ka3
Ka7 47. Ka4 Kb7 48. Be8 Ka6 49. Bc6 Bc8 50. Bb5+ Ka7 51. Be8 Ka6 1-0

[Event "XVIII M.F.Sz. Dobczyce'2010"]
[Site "Dobczyce"]
[Date "2010.07.24"]
[Round "8.3"]
[White "Fusek, Lukas"]
[Black "Mucha, Roman"]
[Result "1/2-1/2"]
[WhiteElo "1887"]
[BlackElo "2181"]
[PlyCount "126"]
[EventDate "2010.??.??"]

1. e4 g6 2. d4 Bg7 3. Nc3 d6 4. f4 Nf6 5. Nf3 O-O 6. Bd3 Nc6 7. O-O e5 8. d5
Nd4 9. fxe5 dxe5 10. Bg5 h6 11. Bh4 g5 12. Bg3 Nxf3+ 13. Qxf3 Qe7 14. h4 g4 15.
Qe3 Kh7 16. Be1 a6 17. Ne2 Nh5 18. c4 Bd7 19. a3 Rg8 20. g3 Bf6 21. Bd2 Rg6 22.
Rf5 Bxf5 23. exf5 Rg7 24. Qxh6+ Kg8 25. Qxh5 e4 26. Bc2 Qc5+ 27. Kf1 Qxc4 28.
Bc3 Bxc3 29. bxc3 Rd8 30. Rb1 Rxd5 31. Rb4 Qc5 32. Rxe4 Rxf5+ 33. Nf4 Rxh5 34.
Re8+ Qf8 35. Rxf8+ Kxf8 36. Nxh5 Rg8 37. Nf6 Rh8 38. Nxg4 Kg7 39. Kf2 Rh5 40.
Ke3 Rb5 41. a4 Rc5 42. Kd4 Rh5 43. Bd1 Rh8 44. Ne3 Kg6 45. Ke4 b5 46. axb5 axb5
47. Be2 Rb8 48. Nd5 Re8+ 49. Kf3 c6 50. Nb4 Re5 51. Nd3 Re7 52. Kf2 Rc7 53. Nb4
Kf5 54. Bf3 c5 55. Na6 Ra7 56. Nxc5 Ra3 57. Ne4 Ke5 58. h5 f5 59. Nc5 Rxc3 60.
Nd7+ Ke6 61. Nb6 Rc2+ 62. Ke3 b4 63. Kf4 Rh2 1/2-1/2

[Event "XVIII M.F.Sz. Dobczyce'2010"]
[Site "Dobczyce"]
[Date "2010.07.25"]
[Round "9.1"]
[White "Klementys, Jerzy"]
[Black "Szuper, Paul"]
[Result "0-1"]
[WhiteElo "1810"]
[BlackElo "2192"]
[PlyCount "150"]
[EventDate "2010.??.??"]

1. d4 e6 2. c4 b6 3. Nc3 Bb7 4. e4 Bb4 5. f3 f5 6. Bd3 Qh4+ 7. g3 Qh5 8. exf5
exf5 9. Qe2+ Ne7 10. Bd2 O-O 11. O-O-O Nbc6 12. f4 Qf7 13. Nf3 Qf6 14. Qf2 Na5
15. Kb1 Ba6 16. Ne5 Rfd8 17. c5 Bb7 18. Rhe1 d6 19. cxd6 cxd6 20. Nc4 Rac8 21.
Nxa5 Bxa5 22. Bc2 Bxc3 23. Bxc3 Nd5 24. Bb3 Kh8 25. Bxd5 Bxd5 26. Re3 Be4+ 27.
Ka1 d5 28. Be1 Rc2 29. Re2 Rc6 30. Re3 Qxd4 31. Qd2 Rdc8 32. Rc3 Qxd2 33. Bxd2
d4 34. Rxc6 Rxc6 35. Rc1 Rxc1+ 36. Bxc1 Kg8 37. b4 Kf7 38. Bb2 d3 39. Bc3 Ke6
40. Kb2 Kd5 41. Be1 Kd4 42. Bf2+ Kc4 43. Be1 Bd5 44. a4 Kd4 45. a5 Ke3 46. Kc3
Ke2 47. Bd2 g6 48. axb6 axb6 49. Bc1 b5 50. Bd2 Bc4 51. Bc1 Kf2 52. Kd2 Kg2 53.
Ke1 Kxh2 54. Kf2 Kh3 55. Bd2 Kg4 56. Be3 h6 57. Bd2 Bb3 58. Be3 Bd1 59. Bd2 Be2
60. Bc1 g5 61. Bd2 gxf4 62. Bxf4 h5 63. Bd2 h4 64. gxh4 Kxh4 65. Be3 Kg4 66.
Bd2 f4 67. Bc1 Kf5 68. Bd2 Ke4 69. Bc1 f3 70. Bd2 Kd4 71. Be1 Kc4 72. Ke3 Kb3
73. Bd2 Kc2 74. Be1 f2 75. Kxf2 d2 0-1

[Event "XVIII M.F.Sz. Dobczyce'2010"]
[Site "Dobczyce"]
[Date "2010.07.25"]
[Round "9.2"]
[White "Sleczka, Bartosz"]
[Black "Watorek, Marcin"]
[Result "1/2-1/2"]
[WhiteElo "1886"]
[BlackElo "2080"]
[PlyCount "46"]
[EventDate "2010.??.??"]

1. e4 c5 2. Nf3 d6 3. d4 cxd4 4. Nxd4 Nf6 5. Nc3 Nc6 6. Be2 e6 7. O-O Be7 8.
Be3 O-O 9. f4 a6 10. a4 Re8 11. Qe1 Nxd4 12. Bxd4 e5 13. Be3 exf4 14. Rxf4 Be6
15. Rd1 Nd7 16. Bd4 Qc7 17. Qg3 Ne5 18. Rdf1 Bf8 19. Nd5 Bxd5 20. exd5 Re7 21.
c3 Qa5 22. Bf3 Ng6 23. Rg4 Ne5 1/2-1/2

[Event "XVIII M.F.Sz. Dobczyce'2010"]
[Site "Dobczyce"]
[Date "2010.07.25"]
[Round "9.3"]
[White "Zajac, Mateusz"]
[Black "Fusek, Lukas"]
[Result "1/2-1/2"]
[WhiteElo "1871"]
[BlackElo "1887"]
[PlyCount "43"]
[EventDate "2010.??.??"]

1. d4 Nf6 2. c4 e6 3. g3 d5 4. Bg2 b6 5. cxd5 exd5 6. Nf3 Bd6 7. Qa4+ Bd7 8.
Qc2 O-O 9. Nc3 c6 10. O-O Re8 11. Nd2 Na6 12. a3 Rc8 13. Qa4 Nc7 14. e4 c5 15.
Qb3 cxd4 16. Nxd5 Ncxd5 17. exd5 Rc5 18. Nf3 Bb5 19. Re1 Rxe1+ 20. Nxe1 Bc4 21.
Qa4 Bxd5 22. Qxd4 1/2-1/2

[Event "XVIII M.F.Sz. Dobczyce'2010"]
[Site "Dobczyce"]
[Date "2010.07.25"]
[Round "9.4"]
[White "Betlej, Jan"]
[Black "Koloczek, Henryk"]
[Result "1/2-1/2"]
[WhiteElo "1834"]
[BlackElo "1694"]
[PlyCount "46"]
[EventDate "2010.??.??"]

1. e4 c5 2. Nc3 g6 3. f4 Nc6 4. Nf3 Bg7 5. Bb5 Nd4 6. O-O e6 7. e5 Ne7 8. Nxd4
cxd4 9. Ne4 O-O 10. Kh1 d5 11. exd6 Nf5 12. b3 Nxd6 13. Nxd6 Qxd6 14. a4 Rd8
15. Ba3 Qc7 16. Bd3 Bd7 17. Qe1 Rac8 18. Qh4 Bc6 19. Rae1 Bd5 20. Be7 Re8 21.
Bf6 a6 22. Bxg7 Kxg7 23. Qf2 Qc5 1/2-1/2